000
00338nam a2200133Ia 4500
008
190723s9999 xx 000 0 und d
020
_a
978-0-07-068188-0
100
_a
Kenneth H. Rosen
245
0
_a
Discrete Mathematics and its applications
250
_a
7th
260
_a
New Delhi
_b
McGraw Hill
_c
2011
300
_a
940:p
942
_c
BK
999
_c
1535
_d
1535